Ritenzione e pegno gordiano

Сохранить в:
Библиографические подробности
Главный автор: Nardi, Enzo (autore)
Формат:
Язык:итальянский
Опубликовано: Milán Dott. A. Giuffrè 1939
Серии:Pubblicazioni dell'Istituto di Diritto Romano dei Diritti dell'Oriente Mediterraneo e di Storia del Diritto
Предметы:
Метки: Добавить метку
Нет меток, Требуется 1-ая метка записи!

MARC

LEADER 00000nam a2200000 a 4500
001 UCR1051
003 CL-VaPUC
008 971205e19390000IT |||||||||||||||||ita|d
082 0 4 |a 340.54  |b NAR  |2 21 
100 |a Nardi, Enzo  |e autore  |9 297730 
245 1 0 |a Ritenzione e pegno gordiano 
300 |a 105 p 
942 |c BK 
945 |d 19971205 00:00:00  |a aolguin 
260 |a Milán  |b Dott. A. Giuffrè  |c 1939 
650 0 |a Derecho romano  |9 255930 
650 7 |a DERECHO DE RENTENCION  |2 CL-VaPUC  |9 397826 
583 |a last modification  |c 19971205 00:00:00  |k Rodrigo Vera 
490 0 |a Pubblicazioni dell'Istituto di Diritto Romano dei Diritti dell'Oriente Mediterraneo e di Storia del Diritto 
999 |c 264546  |d 264544 
952 |0 0  |1 0  |4 0  |6 340_540000000000000_NAR_1939  |7 0  |8 DER_ROM  |9 294830  |a BIBDER  |b BIBDER  |d 2019-11-19  |i 1919377  |o 340.54 NAR 1939  |p 1919377  |r 2023-01-25  |w 2019-11-19  |x Ubicación 4to piso  |y BK  |z Este recurso debe solicitarse con anticipación  |k DER